Drapeaux des communautés francophones du Canada - Statistiques

Statistiques générales
  • Ce quiz a été pris 13 fois
  • Le résultat moyen est 6 sur 10
Statistiques - réponses
Par images Réponse % Correct
L'Acadie
92%
Les Franco-ontariens
85%
Les Franco-albertains
62%
Les Franco-nunavois
62%
Les Franco-saskois
62%
Les Franco-manitobains
54%
Les Franco-tenois
54%
Les Franco-terreneuviens
54%
Les Franco-yukonais
54%
Les Franco-colombiens
46%
Aucun quiz correspondant
Distribution des résultats
% des personnes avec chaque résultat
Percentile par nombre de réponses
Votre historique - résultats
Vous n’avez pas pris ce quiz